000 00487nam a2200169Ia 4500
003 GCL
008 140319s9999 xx 000 0 ara d
040 _aGCL /
_cGCL
082 0 4 _a251.222
_bذ ك
245 1 0 _aكتاب الكبائر
260 _aالقاهرة :
_bمركز الكتاب للنشر
300 _a212 ص ؛
_c24 سم
490 _a
650 0 4 _aالشريعة الاسلامية
650 0 4 _aالكبائر ( الشريعة الاسلامية )
942 _2ddc
_cBK
999 _c46401
_d46401